000 00353nam a2200157Ia 4500
100 _aLing Li
650 _aSupply Chain Management
942 _cRB
366 _f20
654 _asupply chain management
245 _aSupply Chain Management
260 _bTaylor and francis
_c2006
082 _a671.82/LIN
_bLIN
546 _aENGLISH
999 _c24387
_d24387